Państwa de facto niepodległe. - Statystyki

Ogólne statystyki
  • Ten quiz został rozwiązany 755 razy
  • Średni wynik to 4 z 10
Statystyki odpowiedzi
Kontynent Odpowiedź % Poprawnych
Europa Kosowo
89%
Azja Tajwan
56%
Europa Naddniestrze
49%
Azja Palestyna
43%
Afryka Sahara Zachodnia
40%
Azja Abchazja
34%
Azja Osetia Południowa
33%
Afryka Somaliland
32%
Europa Cypr Północny
27%
Azja Górski Karabach
21%
Nie znaleziono quizów pasujących do podanych kryteriów
Rozkład punktacji
Procent ludzi z każdym wynikiem
Percentyl według liczby udzielonych odpowiedzi
Twoja historia wyników
Nie rozwiązałeś tego quizu